[Event "Frankfurt Ch A 2019"]
[Site "Ffm-Höchst, BiKuZ"]
[Date "2019.05.06"]
[Round "2.13"]
[White "Hankel, Dennis"]
[Black "Biegel, Thomas"]
[Result "1-0"]
[WhiteElo "2131"]
[BlackElo "1905"]
[PlyCount "113"]
[EventDate "2019.??.??"]
[WhiteTeam "SF Neuberg"]
[BlackTeam "SVG Eppstein"]

1. d4 e6 2. Bf4 c5 3. c3 Nc6 4. e3 Nf6 5. Nd2 d5 6. Bd3 Bd6 7. Bxd6 Qxd6 8. f4
cxd4 9. cxd4 Nb4 10. Be2 Bd7 11. a3 Nc6 12. Ngf3 Ne7 13. Ne5 Qb6 14. Qb3 Nf5
15. Nxd7 Nxd7 16. Bb5 Nd6 17. Bd3 Qxb3 18. Nxb3 Rc8 19. Ke2 Ke7 20. Rac1 h6 21.
g4 Rxc1 22. Rxc1 h5 23. g5 g6 24. Na5 Rd8 25. Rc7 Rb8 26. Kf3 Kd8 27. Rc2 Rc8
28. e4 dxe4+ 29. Bxe4 Rxc2 30. Bxc2 Kc8 31. Bd3 Nb6 32. b3 Kd7 33. Nc4 Nbxc4
34. bxc4 b6 35. Ke3 Kc6 36. Be2 Kc7 37. Kd3 Nb7 38. Bf3 Nd8 39. Ke4 Kd6 40. c5+
bxc5 41. dxc5+ Kxc5 42. Ke5 a5 43. Kf6 Kd4 44. Ke7 Ke3 45. Bg2 Kxf4 46. Kxd8
Kxg5 47. Ke7 Kf5 48. Bh3+ Kg5 49. Kxf7 e5 50. Ke6 Kf4 51. Kd5 e4 52. Kd4 e3 53.
Bf1 Kf3 54. Kd3 g5 55. Be2+ Kf4 56. Bxh5 g4 57. Ke2 1-0

[Event "Frankfurt Ch A 2019"]
[Site "Ffm-Höchst, BiKuZ"]
[Date "2019.05.06"]
[Round "2.14"]
[White "Stuhlmann, Florian"]
[Black "Chandler, Patrick"]
[Result "0-1"]
[WhiteElo "1875"]
[BlackElo "2119"]
[PlyCount "86"]
[EventDate "2019.??.??"]
[WhiteTeam "SC Lindenholzhausen"]
[BlackTeam "SC Nied"]

1. d4 Nf6 2. c4 e6 3. Nc3 Bb4 4. Qc2 Nc6 5. Nf3 d5 6. cxd5 exd5 7. e3 O-O 8. a3
Bxc3+ 9. bxc3 Re8 10. Be2 Ne4 11. O-O Bf5 12. Bd3 Bg6 13. c4 dxc4 14. Qxc4 Na5
15. Qc2 Nd6 16. Bxg6 hxg6 17. Rd1 Nac4 18. a4 Qe7 19. Rd3 c6 20. Nd2 Qe6 21.
Ba3 Nxd2 22. Qxd2 Ne4 23. Qb2 Reb8 24. Rb3 b6 25. Rc1 Rc8 26. f3 Nf6 27. Bb4
Nd7 28. Rd3 Qe8 29. Bd6 c5 30. dxc5 bxc5 31. a5 Qe6 32. Rcd1 c4 33. Rc3 Rc6 34.
Bg3 Rac8 35. Rd4 a6 36. Qd2 Nf6 37. e4 Qe7 38. e5 Ne8 39. Kh1 Qb4 40. Be1 Qb5
41. Qf4 Re6 42. Rcxc4 Rxc4 43. Rxc4 Nd6 0-1

[Event "Frankfurt Ch A 2019"]
[Site "Ffm-Höchst, BiKuZ"]
[Date "2019.05.06"]
[Round "2.16"]
[White "Drill, Frank"]
[Black "Brehme, Ralf-Peter"]
[Result "1/2-1/2"]
[WhiteElo "2052"]
[BlackElo "1875"]
[PlyCount "29"]
[EventDate "2019.??.??"]
[WhiteTeam "SF Neuberg"]
[BlackTeam "Vorw.Orient Mainz"]

1. d4 f5 2. Bf4 Nf6 3. e3 e6 4. Bd3 b6 5. Qf3 Nc6 6. c3 Bb7 7. Qh3 Qe7 8. Bg5
Nd8 9. Ne2 Nf7 10. Bxf6 Qxf6 11. Nd2 O-O-O 12. e4 g6 13. O-O-O Bh6 14. f3 Be3
15. Kc2 1/2-1/2

[Event "Frankfurt Ch A 2019"]
[Site "Ffm-Höchst, BiKuZ"]
[Date "2019.05.06"]
[Round "2.17"]
[White "Rennhack, Peer"]
[Black "Engel, Johannes"]
[Result "1-0"]
[WhiteElo "1873"]
[BlackElo "2047"]
[PlyCount "67"]
[EventDate "2019.??.??"]
[WhiteTeam "Frankfurter TV"]
[BlackTeam "SC Brett vorm Kopp"]

1. e4 Nc6 2. Nf3 e5 3. Bb5 Bc5 4. c3 Qe7 5. O-O a6 6. Ba4 b5 7. Bc2 Bb6 8. d4
d6 9. h3 h6 10. a4 Bb7 11. axb5 axb5 12. Rxa8+ Bxa8 13. Na3 Nf6 14. Nxb5 O-O
15. d5 Na7 16. Nxa7 Bxa7 17. Nh4 Rd8 18. Nf5 Qd7 19. Qf3 c6 20. Nxh6+ Kf8 21.
c4 Rc8 22. Ba4 Qd8 23. Nf5 cxd5 24. Qg3 g6 25. Bh6+ Kg8 26. Qh4 Nh5 27. Ne7+
Kh7 28. Bg5 f6 29. Bxf6 Rxc4 30. Nxd5 Qb8 31. Bd1 Rxe4 32. Qxe4 Bxd5 33. Qxd5
Nxf6 34. Qf7+ 1-0

[Event "Frankfurt Ch A 2019"]
[Site "Ffm-Höchst, BiKuZ"]
[Date "2019.05.06"]
[Round "2.18"]
[White "Pauly, Markus"]
[Black "Zimmermann, Rolf"]
[Result "0-1"]
[WhiteElo "1864"]
[BlackElo "2025"]
[PlyCount "98"]
[EventDate "2019.??.??"]
[WhiteTeam "Sfr. Erbach"]
[BlackTeam "SC Tornado Hochneukirch"]

1. c4 c5 2. g3 Nc6 3. Bg2 g6 4. Nc3 Bg7 5. a3 Nf6 6. Rb1 O-O 7. b4 d6 8. d3
cxb4 9. axb4 Bd7 10. Nf3 Qc8 11. h3 Ne8 12. Bd2 Nc7 13. b5 Nd4 14. Nxd4 Bxd4
15. e3 Bg7 16. Qf3 Rb8 17. b6 axb6 18. Rxb6 Bc6 19. e4 f5 20. Nd5 Qd7 21. O-O
e6 22. Nxc7 Qxc7 23. Qe3 f4 24. gxf4 Bh6 25. Qd4 e5 26. Qb2 Bxf4 27. Bxf4 Rxf4
28. Rb1 Rbf8 29. f3 Qe7 30. Rf1 h5 31. Qa2 Kg7 32. Qa7 R8f7 33. Rb2 Qg5 34. Kh2
Qh4 35. Qf2 Qe7 36. Qg3 g5 37. Bh1 Kh6 38. Rg1 Rg7 39. Rbg2 Bd7 40. Rb2 Bc8 41.
Bg2 g4 42. fxg4 hxg4 43. h4 Kh5 44. Rh1 Rgf7 45. Kg1 Qf8 46. Qe3 Qh6 47. Qe2
Rf2 48. Qxf2 Rxf2 49. Rxf2 Qe3 0-1

[Event "Frankfurt Ch A 2019"]
[Site "Ffm-Höchst, BiKuZ"]
[Date "2019.05.06"]
[Round "2.19"]
[White "Özdemir, Ali Özden"]
[Black "Brückmann, Gerd"]
[Result "1/2-1/2"]
[WhiteElo "2025"]
[BlackElo "1872"]
[PlyCount "50"]
[EventDate "2019.??.??"]
[WhiteTeam "SK Langen"]
[BlackTeam "SV Anderssen Arolsen"]

1. e4 e6 2. d3 d5 3. Qe2 Nf6 4. Nf3 Be7 5. g3 b5 6. Bg2 dxe4 7. dxe4 b4 8. c4
bxc3 9. bxc3 Ba6 10. c4 Nc6 11. O-O Nd4 12. Nxd4 Qxd4 13. Bb2 Qxc4 14. Qxc4
Bxc4 15. Rc1 Bd3 16. Nd2 Bb4 17. Nb3 Rc8 18. Nc5 Bxc5 19. Rxc5 Bxe4 20. Bxf6
Bxg2 21. Bxg7 Rg8 22. Be5 Bd5 23. Ra5 Ra8 24. Bxc7 Kd7 25. Bf4 Rgc8 1/2-1/2

[Event "Frankfurt Ch A 2019"]
[Site "Ffm-Höchst, BiKuZ"]
[Date "2019.05.06"]
[Round "2.20"]
[White "Reitz, Philipp"]
[Black "Zimmer, Gerald"]
[Result "1-0"]
[WhiteElo "2020"]
[BlackElo "1854"]
[PlyCount "45"]
[EventDate "2019.??.??"]
[WhiteTeam "VfR-SC Koblenz"]
[BlackTeam "SC Bergen-Enkheim"]

1. Nf3 d5 2. g3 Nf6 3. d4 e6 4. c4 Bb4+ 5. Bd2 Bxd2+ 6. Nbxd2 O-O 7. Bg2 c6 8.
O-O Nbd7 9. Qc2 b6 10. e4 dxe4 11. Nxe4 Nxe4 12. Qxe4 Bb7 13. Rad1 Nf6 14. Qf4
Rc8 15. Rfe1 Qc7 16. Qxc7 Rxc7 17. Ne5 Rd8 18. b4 Nd7 19. c5 Nxe5 20. dxe5 Rcd7
21. Rd6 Rxd6 22. cxd6 Kf8 23. b5 1-0

[Event "Frankfurt Ch A 2019"]
[Site "Ffm-Höchst, BiKuZ"]
[Date "2019.05.06"]
[Round "2.21"]
[White "Goldt, Rainer"]
[Black "Waffenschmidt, Joachim"]
[Result "1/2-1/2"]
[WhiteElo "1852"]
[BlackElo "2001"]
[PlyCount "95"]
[EventDate "2019.??.??"]
[WhiteTeam "Kreuznacher SV"]
[BlackTeam "SC Brett vorm Kopp"]

1. e4 c5 2. Nc3 Nc6 3. g3 g6 4. Bg2 Bg7 5. d3 d6 6. f4 b6 7. Nf3 Bb7 8. O-O Qd7
9. Be3 Nh6 10. h3 f5 11. Qd2 O-O 12. Rae1 Rae8 13. e5 dxe5 14. fxe5 Nf7 15. e6
Qxe6 16. Bxc5 Qd7 17. Be3 e5 18. Ng5 Nd4 19. Nxf7 Qxf7 20. Ne4 Qd7 21. Ng5 Bxg2
22. Qxg2 h6 23. Nf3 Ne6 24. Bd2 Kh7 25. Bc3 Nd4 26. Qf2 Nc6 27. Kh2 e4 28. Bxg7
Kxg7 29. Nh4 exd3 30. cxd3 Rxe1 31. Rxe1 Qxd3 32. Re3 Qd6 33. Ng2 g5 34. Qc2
Rf6 35. Rd3 Qe7 36. Qd2 Ne5 37. Rc3 Rc6 38. Qd4 Qf6 39. Qd5 Rd6 40. Rc7+ Nd7
41. Rxd7+ Rxd7 42. Qxd7+ Kg6 43. Qe8+ Kg7 44. Qe2 Qd6 45. Ne3 Kf6 46. Qf2 Qd3
47. Ng4+ Kg7 48. Ne5 1/2-1/2

[Event "Frankfurt Ch A 2019"]
[Site "Ffm-Höchst, BiKuZ"]
[Date "2019.05.06"]
[Round "2.22"]
[White "Schwenkreis, Thomas"]
[Black "Masoudi, Kian"]
[Result "1-0"]
[WhiteElo "1995"]
[BlackElo "1537"]
[PlyCount "92"]
[EventDate "2019.??.??"]
[WhiteTeam "SV Oberursel"]
[BlackTeam "SC Bergen-Enkheim"]

1. e4 e5 2. Nc3 Nf6 3. g3 d5 4. exd5 Nxd5 5. Bg2 Nxc3 6. bxc3 Bc5 7. Ne2 Nc6 8.
O-O Bg4 9. h3 Be6 10. Bb2 O-O 11. d4 exd4 12. cxd4 Qf6 13. c3 Rad8 14. Qa4 Bb6
15. Nf4 Bc8 16. Rae1 Bd7 17. Qd1 Na5 18. Nd5 Qd6 19. Ne3 Bb5 20. Qc1 Bxf1 21.
Kxf1 Rfe8 22. Rd1 Qd7 23. c4 a6 24. Qc3 Qa4 25. Bf3 f6 26. Kg2 Nc6 27. c5 Ba5
28. Qc1 Nxd4 29. Bxb7 Ne2 30. Qb1 Rxd1 31. Nxd1 c6 32. Bxa6 Qb4 33. Ne3 Nc3 34.
Qd3 Qxc5 35. Qd7 Rf8 36. Bc4+ Nd5 37. Ba3 Qxa3 38. Nf5 Rf7 39. Qxc6 Rf8 40.
Bxd5+ Kh8 41. Qd7 Rg8 42. Bxg8 Qf8 43. Bb3 g6 44. Nd6 Bb4 45. Nf7+ Kg7 46. Ng5+
Be7 1-0

[Event "Frankfurt Ch A 2019"]
[Site "Ffm-Höchst, BiKuZ"]
[Date "2019.05.06"]
[Round "2.23"]
[White "Kohani, Sohrab"]
[Black "Koch, Markus"]
[Result "0-1"]
[WhiteElo "1714"]
[BlackElo "2089"]
[PlyCount "64"]
[EventDate "2019.??.??"]
[WhiteTeam "Freibauer Mörlenbach"]
[BlackTeam "SC Brett vorm Kopp"]

1. d4 d5 2. c4 e5 3. dxe5 d4 4. Nf3 Nc6 5. g3 Nge7 6. Bg2 Ng6 7. Bg5 Qd7 8. O-O
h6 9. Bc1 Ngxe5 10. b3 Be7 11. Bb2 Nxf3+ 12. Bxf3 O-O 13. Na3 Bf6 14. Nc2 Rd8
15. Ne1 Ne5 16. Be4 Qh3 17. Bg2 Qh5 18. Nf3 Bg4 19. Re1 Rd7 20. Nxe5 Bxe5 21.
Bxb7 Rad8 22. Bf3 f5 23. Qd3 c5 24. Ba3 Bd6 25. Rad1 Re7 26. Bxg4 fxg4 27. e3
Rf8 28. exd4 Rxf2 29. h4 Rf3 30. Qxf3 gxf3 31. Rxe7 Bxe7 32. Re1 Qg4 0-1

[Event "Frankfurt Ch A 2019"]
[Site "Ffm-Höchst, BiKuZ"]
[Date "2019.05.06"]
[Round "2.24"]
[White "Stelzer, Harald"]
[Black "Hambel, Christoph"]
[Result "1-0"]
[WhiteElo "2155"]
[BlackElo "1719"]
[PlyCount "49"]
[EventDate "2019.??.??"]
[WhiteTeam "Sges Bensheim"]
[BlackTeam "Bad Vilbeler Sfr."]

1. e4 c5 2. Nf3 e6 3. d4 cxd4 4. Nxd4 Bc5 5. Nb3 Bb6 6. Nc3 Ne7 7. Bf4 Ng6 8.
Bd6 Qf6 9. Qd2 Nc6 10. f4 e5 11. f5 Nf4 12. Ba3 Ne7 13. O-O-O O-O 14. g3 Nh5
15. Be2 g6 16. Rhf1 Re8 17. Bxh5 gxh5 18. Bxe7 Qxe7 19. Nd5 Qd6 20. f6 Qf8 21.
Rf5 Kh8 22. Rxh5 d6 23. Qg5 Qg8 24. Qh4 Bg4 25. Rg5 1-0

[Event "Frankfurt Ch A 2019"]
[Site "Ffm-Höchst, BiKuZ"]
[Date "2019.05.06"]
[Round "2.25"]
[White "Rondonuwu, Grover"]
[Black "Winand, Edgar"]
[Result "1/2-1/2"]
[WhiteElo "2043"]
[BlackElo "1778"]
[PlyCount "100"]
[EventDate "2019.??.??"]
[WhiteTeam "Frankfurter TV"]
[BlackTeam "SF Frankfurt"]

1. d4 d6 2. Nf3 g6 3. Bf4 Bg7 4. e3 Nc6 5. h3 Bd7 6. Be2 e5 7. Bh2 a6 8. O-O
Nge7 9. c4 exd4 10. exd4 O-O 11. Nc3 Nf5 12. d5 Ncd4 13. Nxd4 Nxd4 14. Bd3 Qh4
15. Bg3 Qh6 16. Ne2 Nxe2+ 17. Bxe2 b6 18. Rb1 Rfe8 19. Bd3 f5 20. f4 Bd4+ 21.
Kh2 Qg7 22. b3 Re7 23. Bh4 Bf6 24. Bf2 a5 25. Qc2 Rae8 26. Rbe1 Bc3 27. Rxe7
Rxe7 28. a3 Bd4 29. Bh4 Bf6 30. Be1 Re8 31. Bd2 h6 32. b4 axb4 33. axb4 Bd4 34.
Re1 Rxe1 35. Bxe1 Be3 36. g3 Qa1 37. Qe2 Qd4 38. Kg2 b5 39. Qc2 bxc4 40. Qxc4
Qxc4 41. Bxc4 Ba4 42. Bc3 Bc2 43. Kf3 Bb6 44. Bd2 Be4+ 45. Ke2 Bd4 46. Be3 Bc3
47. b5 Ba5 48. Bd4 Bb6 49. Ke3 Bg2 50. h4 h5 1/2-1/2

[Event "Frankfurt Ch A 2019"]
[Site "Ffm-Höchst, BiKuZ"]
[Date "2019.05.06"]
[Round "2.26"]
[White "Fucik, Timo"]
[Black "Brauch, Manfred"]
[Result "1-0"]
[WhiteElo "2013"]
[BlackElo "1659"]
[PlyCount "48"]
[EventDate "2019.??.??"]
[WhiteTeam "SK Ettlingen"]
[BlackTeam "SG Pieroth"]

1. d4 f5 2. Nf3 Nf6 3. g3 g6 4. Bg2 Bg7 5. O-O O-O 6. b3 d6 7. Bb2 c6 8. Nbd2
Na6 9. c4 e6 10. Qc2 Qe8 11. e4 Bd7 12. Rae1 Qf7 13. e5 Ne8 14. Ba3 h6 15. exd6
Rc8 16. c5 g5 17. Nc4 Nf6 18. Nfe5 Qe8 19. Qe2 Nb8 20. Bb2 Nd5 21. Nxd7 Nxd7
22. Qxe6+ Qxe6 23. Rxe6 N7f6 24. Rfe1 Kf7 1-0

[Event "Frankfurt Ch A 2019"]
[Site "Ffm-Höchst, BiKuZ"]
[Date "2019.05.06"]
[Round "2.27"]
[White "Faqiry, Ramat"]
[Black "Both, Günter"]
[Result "1-0"]
[WhiteElo "1973"]
[BlackElo "1506"]
[Annotator "Schloessner,Henrik"]
[PlyCount "139"]
[EventDate "2019.??.??"]
[WhiteTeam "SK Bad Homburg"]
[BlackTeam "SK Bischofsheim"]

1. d4 d5 2. c4 e6 3. Nf3 Nf6 4. Nc3 c6 5. Bg5 Be7 6. e3 h6 7. Bf4 dxc4 8. Bxc4
Nd5 9. Bg3 Nd7 10. e4 Nxc3 11. bxc3 Nf6 12. Qd3 b5 13. Bb3 Bb7 14. O-O O-O 15.
Bc2 g6 16. Ne5 Qe8 17. f4 c5 18. Rae1 c4 19. Qe2 Nh5 20. f5 Nxg3 21. hxg3 Bf6
22. Ng4 Bg5 23. fxg6 fxg6 24. Rxf8+ Kxf8 25. e5 Kg7 26. Rf1 Qe7 27. Rf6 Qe8 28.
Rxg6+ Qxg6 29. Bxg6 Kxg6 30. Qc2+ Kg7 31. Nf6 Bxf6 32. exf6+ Kxf6 33. Qh7 Bd5
34. Qxh6+ Ke7 35. g4 a5 36. Qg7+ Kd6 37. a3 b4 38. axb4 axb4 39. cxb4 Ra2 40.
Qf8+ Kd7 41. Qc5 Rxg2+ 42. Kf1 Rxg4 43. b5 Rf4+ 44. Ke2 Rf7 45. Qa7+ Ke8 46.
Qb8+ Ke7 47. b6 Kf6 48. Kd2 Rb7 49. Qd8+ Kf5 50. Kc3 Ke4 51. Qd6 Ke3 52. Qg3+
Ke2 53. Qe5+ Kf2 54. Qd6 Kf3 55. Kd2 Kg4 56. Ke3 Kg5 57. Qd8+ Kf5 58. Qf8+ Kg5
59. Qf4+ Kg6 60. Qd6 Kf5 61. Kd2 Kg4 62. Kc3 Kf3 63. Kb4 Ke4 64. Qe5+ Kd3 65.
Qd6 Kd2 66. Qc5 Kd3 67. Qd6 Kd2 68. Qh2+ Kd3 69. Qg3+ Kd2 70. Kc5 {1-0 (87)}
1-0

[Event "Frankfurt Ch A 2019"]
[Site "Ffm-Höchst, BiKuZ"]
[Date "2019.05.06"]
[Round "2.28"]
[White "Bittner, Peter"]
[Black "Bischoff, Ulrich"]
[Result "0-1"]
[WhiteElo "1737"]
[BlackElo "1961"]
[PlyCount "90"]
[EventDate "2019.??.??"]
[WhiteTeam "SC Nied"]
[BlackTeam "Sfr. Erbach"]

1. d4 d5 2. Bf4 Nf6 3. Nf3 e6 4. Nbd2 c5 5. e3 Nc6 6. Bb5 Qb6 7. Qe2 Be7 8. c3
O-O 9. dxc5 Bxc5 10. Nb3 Be7 11. O-O Nd7 12. Rfd1 Re8 13. Rac1 a6 14. Ba4 h6
15. Nfd4 Bf8 16. Nxc6 bxc6 17. Qg4 Kh8 18. Re1 e5 19. Bg3 Nc5 20. Qb4 Qxb4 21.
cxb4 Nxa4 22. Rxc6 Bxb4 23. Rec1 Nxb2 24. Rb6 a5 25. Rb5 Be6 26. Bh4 Nc4 27.
Kf1 Rab8 28. Rxb8 Rxb8 29. Ke2 Rc8 30. f3 f6 31. Be1 Bxe1 32. Rxe1 a4 33. Nd2
Rb8 34. Rb1 Rb2 35. Rxb2 Nxb2 36. Nb1 d4 37. a3 Ba2 38. Nd2 dxe3 39. Ne4 Nc4
40. Nc3 Bb3 41. g3 g5 42. f4 exf4 43. gxf4 gxf4 44. Nd5 Nxa3 45. Nxf6 Nc2 0-1

[Event "Frankfurt Ch A 2019"]
[Site "Ffm-Höchst, BiKuZ"]
[Date "2019.05.06"]
[Round "2.29"]
[White "Stoll, Ulrich"]
[Black "Jurkic, Bosiljko"]
[Result "0-1"]
[WhiteElo "1646"]
[BlackElo "1956"]
[PlyCount "42"]
[EventDate "2019.??.??"]
[WhiteTeam "Bad Vilbeler Sfr."]
[BlackTeam "SC Bad Wimpfen"]

1. e4 c5 2. Nc3 Nc6 3. f4 d6 4. Nf3 g6 5. Bb5 Bd7 6. O-O Bg7 7. d3 a6 8. Bxc6
Bxc6 9. Ng5 Nh6 10. Qe2 O-O 11. Nd1 Qd7 12. Ne3 f6 13. Nf3 f5 14. e5 Bxf3 15.
Rxf3 dxe5 16. fxe5 Qd4 17. Kh1 Qxe5 18. Qf1 b5 19. a3 Ng4 20. Nxg4 fxg4 21.
Rxf8+ Rxf8 0-1

[Event "Frankfurt Ch A 2019"]
[Site "Ffm-Höchst, BiKuZ"]
[Date "2019.05.06"]
[Round "2.30"]
[White "Klamser, Dietmar"]
[Black "Kuhn, Gerhard"]
[Result "1/2-1/2"]
[WhiteElo "1638"]
[BlackElo "1941"]
[PlyCount "35"]
[EventDate "2019.??.??"]
[WhiteTeam "SC Groß-Umstadt"]
[BlackTeam "SK Marburg"]

1. e4 c6 2. d4 d5 3. exd5 cxd5 4. Bd3 Nc6 5. c3 Nf6 6. h3 e5 7. dxe5 Nxe5 8.
Qe2 Qe7 9. Be3 Nxd3+ 10. Qxd3 Qd6 11. Ne2 Be7 12. Nd2 O-O 13. O-O Rd8 14. Rfe1
Be6 15. Nd4 Nd7 16. Nxe6 fxe6 17. Nf3 Bf6 18. Rad1 1/2-1/2

[Event "Frankfurt Ch A 2019"]
[Site "Ffm-Höchst, BiKuZ"]
[Date "2019.05.06"]
[Round "2.31"]
[White "Schlumbohm, Nils"]
[Black "Gräbner, Walter"]
[Result "0-1"]
[WhiteElo "1584"]
[BlackElo "1922"]
[PlyCount "42"]
[EventDate "2019.??.??"]
[WhiteTeam "Berkershm"]
[BlackTeam "SC Nied"]

1. e3 c5 2. c4 Nf6 3. Nc3 d5 4. cxd5 Nxd5 5. Nf3 e6 6. Be2 Be7 7. O-O O-O 8. d4
Nc6 9. a3 b6 10. e4 Nxc3 11. bxc3 Na5 12. Be3 Bb7 13. Bd3 Qc7 14. Nd2 f5 15.
exf5 exf5 16. dxc5 bxc5 17. f4 c4 18. Be2 Rad8 19. Qa4 Bc5 20. Bxc4+ Kh8 21.
Bd4 Bxd4+ 0-1

[Event "Frankfurt Ch A 2019"]
[Site "Ffm-Höchst, BiKuZ"]
[Date "2019.05.06"]
[Round "2.32"]
[White "Makilla, Tobias"]
[Black "Viol, Julius"]
[Result "1/2-1/2"]
[WhiteElo "1911"]
[BlackElo "1675"]
[PlyCount "43"]
[EventDate "2019.??.??"]
[WhiteTeam "SC Hattersheim"]
[BlackTeam "FC Bierstadt"]

1. e4 c5 2. Nf3 d6 3. Bb5+ Bd7 4. Bxd7+ Nxd7 5. O-O Ngf6 6. Re1 e6 7. c3 Be7 8.
d4 cxd4 9. cxd4 d5 10. e5 Ne4 11. Nbd2 Nxd2 12. Bxd2 O-O 13. Rc1 Nb8 14. Re3
Nc6 15. Qa4 Rc8 16. Rec3 Qd7 17. h3 Bb4 18. R3c2 Bxd2 19. Nxd2 Rb8 20. Nb3 Nxe5
21. Qxa7 Ra8 22. Qb6 1/2-1/2

[Event "Frankfurt Ch A 2019"]
[Site "Ffm-Höchst, BiKuZ"]
[Date "2019.05.06"]
[Round "2.33"]
[White "Lopez Fuertes, Victor"]
[Black "Rolf, Marco"]
[Result "0-1"]
[WhiteElo "1548"]
[BlackElo "2026"]
[PlyCount "64"]
[EventDate "2019.??.??"]
[WhiteTeam "SC Höchst"]
[BlackTeam "SK Gernsheim"]

1. e4 e6 2. d4 d5 3. e5 c5 4. c3 Nc6 5. Nf3 Bd7 6. Be2 cxd4 7. cxd4 Nge7 8. Na3
Ng6 9. Nc2 Be7 10. Bd3 O-O 11. O-O f6 12. h4 fxe5 13. Bxg6 hxg6 14. Bg5 exd4
15. Ncxd4 Bf6 16. Nxc6 bxc6 17. Qd3 Be8 18. Qd2 Qd6 19. Rac1 e5 20. a3 e4 21.
Bf4 Qe7 22. Ng5 Bxb2 23. Qxb2 Rxf4 24. g3 Rf5 25. Rfe1 Qe5 26. Qa2 Kh8 27. Qd2
Rb8 28. Rb1 Rxb1 29. Rxb1 d4 30. Qe1 e3 31. fxe3 dxe3 32. Rc1 Rf2 0-1

[Event "Frankfurt Ch A 2019"]
[Site "Ffm-Höchst, BiKuZ"]
[Date "2019.05.06"]
[Round "2.34"]
[White "Rutsatz, Mario"]
[Black "John, Volkmar"]
[Result "1-0"]
[WhiteElo "1921"]
[BlackElo "1646"]
[PlyCount "29"]
[EventDate "2019.??.??"]
[WhiteTeam "SF Frankfurt"]
[BlackTeam "SC Herborn"]

1. c4 Nf6 2. g3 e6 3. Bg2 d5 4. Nf3 Be7 5. O-O O-O 6. d4 dxc4 7. Qc2 c5 8. Rd1
Qc7 9. Qxc4 Rd8 10. Nc3 a6 11. Bf4 Qb6 12. Na4 Qb5 13. Qxb5 axb5 14. Nb6 Ra6
15. Bxb8 1-0

[Event "Frankfurt Ch A 2019"]
[Site "Ffm-Höchst, BiKuZ"]
[Date "2019.05.06"]
[Round "2.35"]
[White "Hitzer, Dieter"]
[Black "Krüger, Till"]
[Result "0-1"]
[WhiteElo "1682"]
[BlackElo "1887"]
[PlyCount "62"]
[EventDate "2019.??.??"]
[WhiteTeam "Bad Vilbeler Sfr."]
[BlackTeam "SC Nidderau"]

1. Nf3 Nf6 2. c4 d6 3. d4 Nbd7 4. Nc3 e5 5. e4 Be7 6. Be2 O-O 7. O-O c6 8. Be3
Ng4 9. Bc1 a6 10. h3 Ngf6 11. d5 cxd5 12. cxd5 b5 13. Be3 b4 14. Na4 Nxe4 15.
Qb3 Nef6 16. Rfd1 a5 17. Bb5 Bb7 18. a3 Qb8 19. Bc4 Rc8 20. axb4 axb4 21. Qxb4
Bd8 22. Qb3 Ra5 23. Nc3 Nc5 24. Qb4 Qa8 25. Ra3 Rxa3 26. Qxa3 Qxa3 27. bxa3
Ncd7 28. Nd2 Ba5 29. Nb5 Bxd2 30. Nxd6 Bxe3 31. Nxc8 Bc5 0-1

[Event "Frankfurt Ch A 2019"]
[Site "Ffm-Höchst, BiKuZ"]
[Date "2019.05.06"]
[Round "2.36"]
[White "Fröhlich-Dill, Astrid"]
[Black "Jakesevic, Ivan"]
[Result "1/2-1/2"]
[WhiteElo "1810"]
[BlackElo "1640"]
[PlyCount "118"]
[EventDate "2019.??.??"]
[WhiteTeam "SV Hofheim"]
[BlackTeam "FC Bierstadt"]

1. d4 Nf6 2. c4 d6 3. Nc3 g6 4. e4 Bg7 5. Nf3 Nbd7 6. Be2 O-O 7. h3 e5 8. d5
Nc5 9. Qc2 a5 10. Be3 Ne8 11. O-O f5 12. Bxc5 dxc5 13. exf5 Bxf5 14. Qd2 Nd6
15. g4 Bd7 16. Qe3 b6 17. Rae1 Qe7 18. Bd3 Rae8 19. Ne4 Rf4 20. Nfd2 Bh6 21.
Qg3 Rd8 22. g5 Nxe4 23. Rxe4 Bxg5 24. f3 Bh4 25. Qg2 Bf5 26. Rxf4 exf4 27. Ne4
Bxe4 28. Bxe4 Qg5 29. Qxg5 Bxg5 30. Kf2 Bf6 31. b3 Bd4+ 32. Ke2 Kf7 33. h4 Re8
34. Kd3 Re5 35. a3 Rh5 36. Rh1 Bf6 37. b4 cxb4 38. axb4 Rxh4 39. Rb1 axb4 40.
Rxb4 Be7 41. Ra4 Rh1 42. Ra2 h5 43. Rg2 g5 44. Bf5 h4 45. Re2 h3 46. Be6+ Kf8
47. Ke4 h2 48. Bg4 Bb4 49. Kf5 Be1 50. Bh5 Bb4 51. Re8+ Kg7 52. Re2 Bd6 53. Bg4
Rc1 54. Rxh2 Rxc4 55. Kxg5 Rd4 56. Be6 Rd3 57. Bg4 b5 58. Rh7+ Kxh7 59. Bf5+
Kg7 1/2-1/2

[Event "Frankfurt Ch A 2019"]
[Site "Ffm-Höchst, BiKuZ"]
[Date "2019.05.06"]
[Round "2.37"]
[White "Münstermann, Matthias"]
[Black "Trierweiler, Joachim"]
[Result "1-0"]
[WhiteElo "1666"]
[BlackElo "1805"]
[PlyCount "63"]
[EventDate "2019.??.??"]
[WhiteTeam "SK Langen"]
[BlackTeam "Vorw.Orient Mainz"]

1. d4 c5 2. d5 d6 3. c4 Nf6 4. Nc3 g6 5. e4 Bg7 6. Nf3 O-O 7. Be2 Na6 8. O-O
Nc7 9. a4 Rb8 10. h3 Bd7 11. Bg5 a6 12. Nd2 b5 13. axb5 axb5 14. f4 bxc4 15.
Nxc4 Bb5 16. e5 dxe5 17. d6 Ne6 18. dxe7 Qxe7 19. Nd5 Nxd5 20. Bxe7 Nxe7 21.
Nxe5 Nf5 22. Bxb5 Rxb5 23. Qd7 Rxb2 24. Nxf7 Ned4 25. Ra7 h5 26. Nh6+ Kh8 27.
Nxf5 Nxf5 28. Rd1 Rg8 29. Qf7 Rxg2+ 30. Kxg2 Ne3+ 31. Kh2 Nxd1 32. Qxg6 1-0

[Event "Frankfurt Ch A 2019"]
[Site "Ffm-Höchst, BiKuZ"]
[Date "2019.05.06"]
[Round "2.38"]
[White "Gutacker, Stephan"]
[Black "Schneider, Luca"]
[Result "1/2-1/2"]
[WhiteElo "1796"]
[BlackElo "1603"]
[PlyCount "42"]
[EventDate "2019.??.??"]
[WhiteTeam "Sfr. Kelkheim"]
[BlackTeam "FC Bierstadt"]

1. e4 c5 2. c3 Nc6 3. d4 cxd4 4. cxd4 Nf6 5. Nc3 e6 6. e5 Nd5 7. Nxd5 exd5 8.
Nf3 d6 9. Bd3 dxe5 10. Nxe5 Bb4+ 11. Bd2 Bxd2+ 12. Qxd2 Nxe5 13. dxe5 O-O 14.
O-O Be6 15. f4 f5 16. exf6 Rxf6 17. Qb4 Qd7 18. Rac1 a6 19. Rc2 Rc8 20. Rcf2
Bf5 21. Bxf5 Rxf5 1/2-1/2

[Event "Frankfurt Ch A 2019"]
[Site "Ffm-Höchst, BiKuZ"]
[Date "2019.05.06"]
[Round "2.39"]
[White "Winter, Olaf"]
[Black "Stuhlmann, Felix"]
[Result "1-0"]
[WhiteElo "1656"]
[BlackElo "1794"]
[PlyCount "99"]
[EventDate "2019.??.??"]
[WhiteTeam "SK Bad Homburg"]
[BlackTeam "SC Lindenholzhausen"]

1. c4 Nf6 2. Nc3 g6 3. g3 Bg7 4. Bg2 O-O 5. d4 d6 6. e4 Nbd7 7. Nge2 e5 8. d5
a5 9. Be3 Ng4 10. Bd2 Nc5 11. Nc1 f5 12. f3 Nf6 13. Be3 fxe4 14. Bxc5 exf3 15.
Bxf3 dxc5 16. O-O Bf5 17. g4 Nxg4 18. Bxg4 Qg5 19. h4 Qxg4+ 20. Qxg4 Bxg4 21.
Nd3 b6 22. Rae1 Rae8 23. Nb5 Rxf1+ 24. Kxf1 Re7 25. Nf2 Bf5 26. Ne4 Bh6 27. Kg2
Bf4 28. Kf3 Kg7 29. Rg1 h6 30. h5 g5 31. Nbc3 Kf7 32. d6 cxd6 33. Nxd6+ Kf6 34.
Nd5+ Ke6 35. Nxe7 e4+ 36. Nxe4 Kxe7 37. Nc3 Be6 38. Nd5+ Bxd5+ 39. cxd5 Kd6 40.
Ke4 b5 41. b3 Be5 42. a4 bxa4 43. bxa4 c4 44. Rb1 Bg7 45. Rb5 Bc3 46. Rb6+ Kc5
47. Rxh6 Kb4 48. Rc6 Kb3 49. d6 Bf6 50. d7 1-0

[Event "Frankfurt Ch A 2019"]
[Site "Ffm-Höchst, BiKuZ"]
[Date "2019.05.06"]
[Round "2.40"]
[White "Adair, Robin"]
[Black "Stricker, Konstantin"]
[Result "1-0"]
[WhiteElo "1792"]
[BlackElo "1589"]
[PlyCount "57"]
[EventDate "2019.??.??"]
[WhiteTeam "SC Nidderau"]
[BlackTeam "SC Eschbach"]

1. c4 c6 2. e4 e5 3. Nc3 Nf6 4. g3 Bc5 5. Bg2 O-O 6. Nge2 d6 7. h3 a6 8. O-O
Be6 9. d3 Nbd7 10. Kh2 Re8 11. f4 Nf8 12. f5 Bd7 13. Ng1 h6 14. g4 N8h7 15. Nf3
Qb6 16. Na4 Qa7 17. Nxc5 Qxc5 18. g5 hxg5 19. Nxg5 b5 20. Nxh7 Nxh7 21. cxb5
Qxb5 22. Rf3 d5 23. Rg3 f6 24. Qg4 Re7 25. Bh6 g5 26. h4 Kh8 27. hxg5 Rg8 28.
g6 Reg7 29. Qh4 1-0